Language Quiz

Random Language Quiz

Obscure Rhyming Words Quiz Stats

 Plays Quiz not verified by Sporcle

Also try: Rhymes With Jump
Challenge
Share
Tweet
Embed
Score 0/14 Timer 06:00
0 Plays Today
Obscure Word Rhyming Common Word % Correct
curplepurple
89.9%
chilversilver
86.9%
Blorengeorange
68%
oillettoilet
59.5%
sidthwidth
56.2%
naoschaos
51.3%
anchusicmusic
31%
Obscure Word Rhyming Common Word % Correct
ryntpint
26.1%
hurklecircle
14.7%
smithamrhythm
14.7%
gyronsiron
14.1%
Hoppusopus
13.1%
welselse
11.8%
liberum arbitriumYttrium
4.2%

You're not logged in!

Compare scores with friends on all Sporcle quizzes.
Join for Free
OR
Log In

You Might Also Like...

Show Comments

Extras

Top Quizzes Today


Score Distribution

Your Account Isn't Verified!

In order to create a playlist on Sporcle, you need to verify the email address you used during registration. Go to your Sporcle Settings to finish the process.

Report this User

Report this user for behavior that violates our Community Guidelines.

Details: